[Event "Lueneburg op-A"]
[Site "Lueneburg"]
[Date "2016.07.02"]
[Round "3"]
[White "Cuenca Jimenez, Jose Fernando"]
[Black "Buck, Lars"]
[Result "1-0"]
[WhiteElo "2525"]
[BlackElo "2158"]
[PlyCount "121"]
[EventDate "2016.07.01"]
[EventType "swiss"]
[EventRounds "9"]
[EventCountry "GER"]
[SourceTitle "CBM 173 Extra"]
[Source "ChessBase"]
[SourceDate "2016.08.29"]
[SourceVersion "1"]
[SourceVersionDate "2016.08.29"]
[SourceQuality "1"]

1. Nf3 g6 2. c4 Bg7 3. d4 d6 4. g3 e5 5. Nc3 Nc6 6. d5 Nce7 7. e4 f6 8. Bg2 Bh6 9. 0-0 Bxc1 10. Rxc1 h5 11. b4 h4 12. Nxh4 g5 13. Nf5 Nxf5 14. exf5 Bxf5 15. f4 gxf4 16. gxf4 Qd7 17. fxe5 Qh7 18. Rxf5 Qxf5 19. exd6 cxd6 20. Qd4 Qe5 21. Qxe5+ dxe5 22. Nb5 0-0-0 23. c5 Rh4 24. c6 bxc6 25. dxc6 a6 26. c7 axb5 27. Bb7+ Kd7 28. cxd8Q+ Kxd8 29. Rc8+ Ke7 30. Rxg8 Rxb4 31. Bd5 Rb2 32. Rg2 Rb1+ 33. Kf2 Kd6 34. Be4 Rb4 35. Ke3 Ke6 36. Rf2 Ra4 37. Bf5+ Kd5 38. Bd3 Ke6 39. Bxb5 Ra3+ 40. Bd3 f5 41. Rxf5 Rxa2 42. Rh5 Ra4 43. h3 Kf6 44. h4 Kg7 45. Rh7+ Kg8 46. Bg6 Rb4 47. h5 Ra4 48. Re7 Rb4 49. Kf3 Rf4+ 50. Kg3 Rb4 51. Bf5 Rb8 52. Kg4 e4 53. Kg5 Kf8 54. Rxe4 Kg7 55. Re7+ Kh8 56. Kh6 Kg8 57. Be6+ Kf8 58. Rf7+ Ke8 59. Kg7 Rb1 60. Bf5 Rg1+ 61. Bg6 1-0

[Event "Wichern op 6th"]
[Site "Hamburg"]
[Date "2001.10.14"]
[Round "2.20"]
[White "Buck, Lars"]
[Black "Voigt, Martin"]
[Result "1/2-1/2"]
[WhiteElo "2135"]
[BlackElo "2300"]
[PlyCount "188"]
[EventDate "2001.10.21"]
[EventType "swiss"]
[EventRounds "9"]
[EventCountry "GER"]
[SourceTitle "EXT 2002"]
[Source "ChessBase"]
[SourceDate "2001.11.25"]
[SourceVersion "1"]
[SourceVersionDate "2001.11.25"]
[SourceQuality "1"]

1. d4 Nf6 2. c4 c5 3. d5 e6 4. Nc3 exd5 5. cxd5 d6 6. e4 g6 7. f4 Bg7 8. Nf3 0-0 9. Be2 Re8 10. 0-0 Nxe4 11. Nxe4 Rxe4 12. Bd3 Re8 13. f5 Bxf5 14. Bxf5 gxf5 15. Bg5 Bf6 16. h4 Nd7 17. Qc2 Re4 18. Rf2 Qe7 19. Raf1 Re8 20. Nd2 Bxg5 21. hxg5 Re1 22. Qxf5 Rxf1+ 23. Rxf1 Qe3+ 24. Kh1 Re7 25. Nc4 Qg3 26. Qf4 Qxf4 27. Rxf4 Nb6 28. Nxb6 axb6 29. Rf6 Re2 30. b3 Rxa2 31. Rxd6 Rd2 32. Rxb6 Rxd5 33. Rxb7 Rxg5 34. b4 cxb4 35. Rxb4 Kg7 36. Rb6 Rg6 37. Rb7 Rf6 38. Kh2 Kg6 39. Rb8 h6 40. Ra8 Rf5 41. g3 Rb5 42. Kh3 h5 43. Rc8 Kf5 44. Rc4 Kg5 45. Ra4 Re5 46. Rb4 f5 47. Rb8 Re6 48. Ra8 Rh6 49. Ra4 Rh7 50. Rb4 Re7 51. Rb8 Kf6 52. Rb6+ Kg5 53. Rb8 Rd7 54. Rg8+ Kf6 55. Rf8+ Kg6 56. Ra8 Rd3 57. Ra4 Re3 58. Rb4 Re4 59. Rb6+ Kg5 60. Rb8 Rg4 61. Ra8 Kh6 62. Ra6+ Rg6 63. Ra4 Re6 64. Rb4 Kg6 65. Ra4 Kf6 66. Ra8 Re7 67. Ra6+ Kg5 68. Ra4 Re1 69. Rb4 Kf6 70. Rb6+ Ke5 71. Rb5+ Ke4 72. Rb4+ Ke5 73. Rb5+ Kf6 74. Rb6+ Kg5 75. Rb5 Rh1+ 76. Kg2 Rd1 77. Kh3 Kf6 78. Rb6+ Ke5 79. Rb5+ Ke4 80. Rb4+ Ke5 81. Rb5+ Kf6 82. Rb6+ Kg5 83. Rb4 Rd7 84. Ra4 Rc7 85. Rb4 Ra7 86. Rc4 Kf6 87. Rc6+ Ke5 88. Rc5+ Ke6 89. Rc6+ Kd5 90. Rh6 Ra1 91. Kg2 Ra2+ 92. Kh3 Ra1 93. Kg2 Ra2+ 94. Kh3 Ra1 1/2-1/2

[Event "Wichern op 5th"]
[Site "Hamburg"]
[Date "1999.10.17"]
[Round "4.37"]
[White "Hoi, Carsten"]
[Black "Buck, Lars"]
[Result "1-0"]
[WhiteElo "2394"]
[BlackElo "2145"]
[PlyCount "55"]
[EventDate "1999.10.15"]
[EventType "swiss"]
[EventRounds "9"]
[EventCountry "GER"]
[SourceTitle "EXT 2001"]
[Source "ChessBase"]
[SourceDate "2000.11.22"]
[SourceVersion "1"]
[SourceVersionDate "2000.11.22"]
[SourceQuality "1"]

1. d4 g6 2. c4 Nf6 3. Nc3 Bg7 4. e4 d6 5. f3 0-0 6. Be3 e5 7. Nge2 exd4 8. Nxd4 Re8 9. Qd2 Nc6 10. 0-0-0 Nxd4 11. Bxd4 a6 12. g4 Be6 13. h4 b5 14. h5 c5 15. Be3 Qa5 16. Kb1 bxc4 17. hxg6 fxg6 18. Qc2 Rab8 19. e5 dxe5 20. Rd6 Bf7 21. Bd2 Qc7 22. Rxf6 Bxf6 23. Ne4 Bd8 24. Bxc4 Bxc4 25. Qxc4+ Kh8 26. Bc3 Rf8 27. Qe6 Qf7 28. Qxe5+ 1-0

[Event "Regionalliga SW 9899"]
[Site "Bayern"]
[Date "1999.??.??"]
[Round "5.3"]
[White "Fischer, Michael"]
[Black "Buck, Lars"]
[Result "0-1"]
[WhiteElo "2001"]
[BlackElo "2075"]
[PlyCount "78"]
[EventDate "1998.??.??"]
[EventType "team-tourn"]
[EventRounds "9"]
[EventCountry "GER"]
[SourceTitle "EXT 2020"]
[Source "ChessBase"]
[SourceDate "2019.10.17"]
[SourceVersion "1"]
[SourceVersionDate "2019.10.17"]
[SourceQuality "1"]
[WhiteTeam "Noerdlingen"]
[BlackTeam "Pasing II"]
[WhiteTeamCountry "GER"]
[BlackTeamCountry "GER"]

1. e4 d6 2. d4 Nf6 3. Nc3 g6 4. Nf3 Bg7 5. Be2 0-0 6. Bf4 Nbd7 7. 0-0 c5 8. e5 Ne8 9. exd6 Nxd6 10. dxc5 Nxc5 11. Be5 Bxe5 12. Nxe5 Be6 13. Nd5 Bxd5 14. Qxd5 Qc7 15. b4 Nce4 16. Bd3 Nf6 17. Qf3 Qc3 18. Ng4 Nxg4 19. Qxg4 e5 20. Rfd1 Rad8 21. Rab1 Rfe8 22. Rb3 Qc6 23. c4 e4 24. Bf1 Nxc4 25. Rc1 b5 26. a4 a6 27. axb5 axb5 28. h4 Qd5 29. Bxc4 bxc4 30. Rbc3 Qe5 31. Rxc4 e3 32. fxe3 Qxe3+ 33. Kh1 Kg7 34. Rc7 Re4 35. Rf1 Rf8 36. Qh3 Qd4 37. g3 Re2 38. Qd7 Qe4+ 39. Kg1 Qg2# 0-1

[Event "Dresden-ch"]
[Site "Dresden"]
[Date "1998.??.??"]
[Round "?"]
[White "Dischinger, Frank"]
[Black "Buck, Lars"]
[Result "1-0"]
[WhiteElo "2255"]
[BlackElo "2145"]
[PlyCount "73"]
[EventDate "1998.??.??"]
[EventType "swiss"]
[EventRounds "7"]
[EventCountry "GER"]
[SourceTitle "EXT 2002"]
[Source "ChessBase"]
[SourceDate "2001.11.25"]
[SourceVersion "1"]
[SourceVersionDate "2001.11.25"]
[SourceQuality "1"]

1. e4 d6 2. d4 Nf6 3. f3 g6 4. c4 Bg7 5. Nc3 0-0 6. Be3 e5 7. Nge2 Nc6 8. Qd2 a6 9. d5 Ne7 10. 0-0-0 Ne8 11. g4 f5 12. g5 Rb8 13. Kb1 fxe4 14. fxe4 b5 15. cxb5 axb5 16. Nc1 b4 17. N3e2 Bg4 18. Bg2 c5 19. dxc6 Qc7 20. Nd3 Nxc6 21. Rc1 Qb7 22. Nf2 Be6 23. b3 Ra8 24. Rc2 Ra6 25. Rhc1 Qa8 26. Qd3 Nc7 27. Bh3 Bf7 28. Bd7 Nd4 29. Nxd4 exd4 30. Bxd4 Bxd4 31. Qxd4 Bxb3 32. Rxc7 Bxa2+ 33. Kb2 Bf7 34. Ng4 Ra2+ 35. Kb1 Rxh2 36. Nf6+ Kh8 37. Nh5+ 1-0

[Event "Oberliga Nord W 9697"]
[Site "Germany"]
[Date "1997.03.02"]
[Round "7.2"]
[White "Buck, Lars"]
[Black "Mende, Andreas"]
[Result "0-1"]
[WhiteElo "2190"]
[BlackElo "2220"]
[PlyCount "94"]
[EventDate "1996.10.??"]
[EventType "team"]
[EventRounds "9"]
[EventCountry "GER"]
[SourceTitle "EXT 2003"]
[Source "ChessBase"]
[SourceDate "2002.11.25"]
[SourceVersion "1"]
[SourceVersionDate "2002.11.25"]
[SourceQuality "1"]
[WhiteTeam "Stader SV"]
[BlackTeam "Braunschweig SF"]
[WhiteTeamCountry "GER"]
[BlackTeamCountry "GER"]

1. d4 Nf6 2. c4 g6 3. Nc3 Bg7 4. e4 d6 5. f3 0-0 6. Be3 c5 7. d5 e6 8. Bd3 exd5 9. cxd5 Re8 10. Nge2 a6 11. a4 Nbd7 12. 0-0 Ne5 13. Qd2 Rb8 14. a5 b5 15. axb6 Rxb6 16. Nc1 Nxd3 17. Nxd3 Rb3 18. Bf2 Nd7 19. Rfe1 Qb6 20. Ra2 Qb8 21. f4 Nb6 22. e5 Bf5 23. Nc1 Nc4 24. Qe2 Rb4 25. b3 Nb6 26. Qf3 dxe5 27. Bxc5 Rxf4 28. Qe3 Nd7 29. N1e2 Bh6 30. Ba7 Qxb3 31. Nxf4 Rc8 32. Qf2 Rxc3 33. Rb2 Qc4 34. Nh5 Qxd5 35. Rb8+ Bf8 36. Rd8 Qc6 37. Rf1 Rc2 38. Qg3 Qc7 39. Rxd7 Bxd7 40. Nf6+ Kh8 41. Bf2 Rxf2 42. Kxf2 Qb6+ 43. Ke1 Qb1+ 44. Kd2 Qb2+ 45. Ke3 Qd4+ 46. Kf3 Bc6+ 47. Ke2 Bb5+ 0-1

[Event "Finkenstein op"]
[Site "Finkenstein"]
[Date "1996.??.??"]
[Round "6"]
[White "Buck, Lars"]
[Black "Berger, Hermann"]
[Result "1/2-1/2"]
[WhiteElo "2190"]
[BlackElo "1920"]
[PlyCount "118"]
[EventDate "1996.??.??"]
[EventType "swiss"]
[EventRounds "9"]
[EventCountry "AUT"]
[SourceTitle "EXT 1997"]
[Source "ChessBase"]
[SourceDate "1996.11.15"]
[SourceVersion "1"]
[SourceVersionDate "1996.11.15"]
[SourceQuality "1"]

1. d4 Nf6 2. c4 d6 3. Nc3 Bf5 4. f3 e5 5. dxe5 dxe5 6. Qb3 Qc8 7. e4 Be6 8. Bd3 Nbd7 9. Be3 c6 10. Qc2 Bc5 11. Qf2 b6 12. Nge2 0-0 13. 0-0 Bxe3 14. Qxe3 Nc5 15. b3 Rd8 16. Bc2 Qc7 17. Rfd1 Rxd1+ 18. Rxd1 Rd8 19. Qc1 a5 20. Kf2 Bc8 21. Rxd8+ Qxd8 22. Qd1 Qe7 23. Qd2 Ne6 24. Bb1 Nc5 25. Nc1 Nfd7 26. N3e2 Ne6 27. Nd3 Nec5 28. Ne1 Ne6 29. Qc3 Qc5+ 30. Kf1 Qd6 31. Nc2 Ndc5 32. Ne3 Nd4 33. Qd2 Qf6 34. Ng3 g6 35. Kf2 h5 36. Ne2 Nce6 37. Nc2 Nxe2 38. Qxe2 Qd8 39. Ne3 Kg7 40. Qd1 Qe7 41. Bd3 Qc5 42. Qd2 Qd4 43. Ke1 Qc5 44. Be2 Qe7 45. g3 Nd4 46. Nc2 Nxc2+ 47. Qxc2 Qd6 48. Qc3 f6 49. Qe3 c5 50. a3 Be6 51. Kf2 g5 52. h4 gxh4 53. gxh4 Qd8 54. f4 Qd6 55. Bxh5 exf4 56. Qc3 Qe5 57. Qf3 Qd4+ 58. Kg2 Qd2+ 59. Kg1 Qe1+ 1/2-1/2

[Event "Finkenstein op"]
[Site "Finkenstein"]
[Date "1996.??.??"]
[Round "1"]
[White "Buck, Lars"]
[Black "Wiesinger, Johann"]
[Result "1-0"]
[WhiteElo "2190"]
[BlackElo "1750"]
[PlyCount "62"]
[EventDate "1996.??.??"]
[EventType "swiss"]
[EventRounds "9"]
[EventCountry "AUT"]
[SourceTitle "EXT 1997"]
[Source "ChessBase"]
[SourceDate "1996.11.15"]
[SourceVersion "1"]
[SourceVersionDate "1996.11.15"]
[SourceQuality "1"]

1. d4 Nf6 2. c4 d5 3. cxd5 Nxd5 4. e4 Nb6 5. Nc3 e6 6. Nf3 c5 7. Bb5+ Bd7 8. 0-0 Bxb5 9. Nxb5 a6 10. dxc5 Bxc5 11. Qxd8+ Kxd8 12. Rd1+ N8d7 13. Nd6 Bxd6 14. Rxd6 Ke7 15. Rd3 Rhd8 16. Bf4 Nc5 17. Rxd8 Rxd8 18. Bc7 Nbd7 19. Bxd8+ Kxd8 20. Nd2 Nd3 21. f3 N7c5 22. b3 b5 23. g3 Kc7 24. Kg2 Kb6 25. f4 Nb4 26. a3 Nc2 27. Ra2 Ne1+ 28. Kf2 Ned3+ 29. Ke3 Nc1 30. Rb2 N1d3 31. Rb1 a5 1-0

[Event "Finkenstein op"]
[Site "Finkenstein"]
[Date "1996.??.??"]
[Round "4"]
[White "Grom, Waldemar"]
[Black "Buck, Lars"]
[Result "0-1"]
[WhiteElo "1855"]
[BlackElo "2190"]
[PlyCount "66"]
[EventDate "1996.??.??"]
[EventType "swiss"]
[EventRounds "9"]
[EventCountry "AUT"]
[SourceTitle "EXT 1997"]
[Source "ChessBase"]
[SourceDate "1996.11.15"]
[SourceVersion "1"]
[SourceVersionDate "1996.11.15"]
[SourceQuality "1"]

1. c4 g6 2. Nc3 Bg7 3. g3 d6 4. Bg2 Nc6 5. e3 e5 6. Nge2 f5 7. f4 Nf6 8. a3 a5 9. 0-0 0-0 10. d4 e4 11. Bd2 Ne7 12. Qb3 Kh8 13. Rfd1 Be6 14. d5 Bc8 15. h3 Nd7 16. Na4 b6 17. Bc3 Ng8 18. Nd4 Nc5 19. Nxc5 bxc5 20. Nc6 a4 21. Qc2 Qd7 22. Rd2 Bxc3 23. Qxc3+ Qg7 24. Qc2 Bb7 25. g4 Bxc6 26. dxc6 Ne7 27. gxf5 gxf5 28. Kh1 Nxc6 29. Rg1 Rg8 30. Rdd1 Qf6 31. Qd2 Rab8 32. Qc2 Rxb2 33. Qxa4 Qh4 0-1